000 00799na a2200229 4500
001 18592
003 MIRAKIL
005 20181213155040.0
008 161122b tu 000 0
040 _aMilas
_btur
_cTR-AnCHP
041 _atur
082 _a340.092
_bT96t 2009
090 _a340.092 T96t 2009
110 _aTürkiye Barolar Birliği
245 _aTürkiye Barolar Birliği başkanı av. Özdemir Özok'un 2009-2010 adli yargı yılı açılış konuşması
_cTürkiye Barolar Birliği
260 _aAnkara
_bTürkiye Barolar Birliği
_c2009
300 _a22 s.
_c18 sm.
600 _aÖzok, Özdemir
_d1945-2010
_xAdli yıl
_yAçılış konuşmaları
650 _aAdli yıl
_xAçılış konuşmaları
_y2009-2010
657 _aAdli yıl açılış konuşmaları
942 _2dcc
_cBKS
999 _c5563
_d5563